000 00756nam a22002292 4500
001 0000018798
005 20151217155859.0
008 100704s xx 000 0 eng d
020 _a9781310375 :
040 _aKABU
_cKABU
100 1 _aYaninek, J. S.
_@0000178209
245 1 0 _aHandbook on the cassava green mite (mononychellus tanajoa) in Africa /
_cJ. S. Yaninek, G. J. de Moraes and R. H. Markham.
250 _a1st ed.
260 _aIbadan :
_bIITA,
_c1989.
300 _a140 p.
650 0 _aCassava
_xDiseases and pests
_zAfrica.
_@0000178210
700 1 _ade Moraes, G. J.
_@0000178211
700 1 _aMarkham, R. H.
_@0000178212
852 1 _9p200 KES
908 _a100704
950 _@1
999 _c13678
_d13678